Представление документа в формате MARC21

Поле Инд. ПП Название Значение
Тип записи a
Библиографический уровень b
001 Контрольный номер RU/IS/BASE/117222117
005 Дата корректировки 20200522190811.8
084 a Индекс другой классификации/Индекс ББК 60.561.54*
a Индекс другой классификации/Индекс ББК 60.542.2
a Индекс другой классификации/Индекс ББК 88.373
100 1_ a Автор Ионин Л. Г.
q Полное имя Ионин Леонид Григорьевич
245 a Заглавие Генитальная конституция модерна
504 a Библиография Лит. в конце статьи. - Примеч.
520 a Аннотация "Основываясь на представлениях З. Фрейда о решаюшей роли сексуальности, в частности, генитальной сексуальности в развитии познания и культуры, автор стремится к обнаружению структурной гомологии двух разнопорядковых явлений - когнитивной структуры модерна как эпохи человеческого познания и структуры генитальной сексуальности. Итогом исследования оказывается вывод о решающем воздействии второго на первое, т.е. вывод о том, что эпоха модерна в ее историческом развертывании явилась продуктом реализации генитальной сексуальности мужчины. В статье также рассматривается вопрос о различиях мужской и женской сексуальности, а также вопрос о соотношении природы, культуры и пола."
600 a Персоналии Палья Камилла
a Персоналии Фрейд Зигмунд
650 a Основная рубрика гендерная социология
a Основная рубрика общая психология
a Основная рубрика психология
a Основная рубрика психология личности
a Основная рубрика гендерная психология
a Основная рубрика сексология
a Основная рубрика социология
653 a Ключевые слова гендер
a Ключевые слова женская сексуальность
a Ключевые слова женское начало
a Ключевые слова культура
a Ключевые слова маскулинность
a Ключевые слова модерн
a Ключевые слова мужская сексуальность
a Ключевые слова мужское начало
a Ключевые слова познание
a Ключевые слова пол
a Ключевые слова природа
a Ключевые слова сексуальная революция
a Ключевые слова сексуальность
a Ключевые слова социокультурный подход
a Ключевые слова типы общества
a Ключевые слова эротика
773 t Заглавие источника Журнал социологии и социальной антропологии
d Дата издания источника 2003
g Прочая информация № 2. - С. 21 - 39 : табл.
w Контрольный № источника RU/IS/BASE/110906361
901 t Тип документа b